Secret Story - Vainqueurs par photo - Statistiques

Statistiques générales
  • Ce quiz a été pris 185 fois
  • Le résultat moyen est 9 sur 12
Statistiques - réponses
Par images Réponse % Correct
Benoît
96%
Anaïs
93%
Nadège
93%
Marie
91%
Émilie
87%
Alexis
85%
Noré
82%
Émilie
80%
Julien
80%
Leïla
77%
Les Triplées
46%
Matthias
37%
Aucun quiz correspondant
Distribution des résultats
% des personnes avec chaque résultat
Percentile par nombre de réponses
Votre historique - résultats
Vous n’avez pas pris ce quiz